Entry Personal Name
Number of records used in: 1
001 - CONTROL NUMBER
003 - CONTROL NUMBER IDENTIFIER
005 - DATE AND TIME OF LATEST TRANSACTION
- control field:
20230825133556.0
008 - FIXED-LENGTH DATA ELEMENTS
- fixed length control field:
090709n| acannaabn |n aaa
010 ## - LIBRARY OF CONGRESS CONTROL NUMBER
- LC control number:
nb2009017270
035 ## - SYSTEM CONTROL NUMBER
- System control number:
(Uk)007500360
040 ## - CATALOGING SOURCE
- Original cataloging agency:
Uk
- Language of cataloging:
eng
- Transcribing agency:
Uk
100 1# - HEADING--PERSONAL NAME
- Personal name:
Scheer, Silke
670 ## - SOURCE DATA FOUND
- Source citation:
The entrepreneur as business leader, c2009:
- Information found:
t.p. (Silke Scheer, Max Planck Institute of Economics, Jena, Germany)